| 000 | 00440nam a2200181Ia 4500 | ||
|---|---|---|---|
| 008 | 240925s9999 xx 000 0 und d | ||
| 020 | _a9789332585874 | ||
| 082 | _a658 ROB | ||
| 100 | _aRobbins ,Stephen P. | ||
| 245 | 0 | _aManagement | |
| 250 | _a13th | ||
| 260 |
_aNew Delhi: _bPearson Education _c,2017. |
||
| 300 |
_a385p. _bNA _fOriginal |
||
| 500 | _aIncludes Index | ||
| 600 | _aManagement | ||
| 650 | _aManagement | ||
| 942 | _cBK | ||
| 999 |
_c14759 _d14759 |
||